Statistics for Border to Border #4

Click here to take the quiz!

General Stats

  • This quiz has been taken 179 times
    (46 since last reset)
  • The average score is 27 of 30

Answer Stats

Starting country: Belize M.% Correct
Mexico U.
100%
Canada U.
98%
United States C.
98%
United States M.
93%
Argentina U.
90%
Brazil G.
90%
Chile A.
90%
Colombia E.
90%
Costa Rica P.
90%
Ecuador P.
90%
France G.
90%
Guatemala E.
90%
Honduras N.
90%
Mexico G.
90%
Nicaragua C.
90%
Panama C.
90%
Peru C.
90%
Suriname F.
90%
Uruguay B.
90%
El Salvador H.
88%
Guyana S.
88%
Austria S.
86%
Czech Republic A.
86%
Germany C.
86%
Hungary S.
83%
Italy S.
83%
Slovenia H.
83%
Switzerland I.
83%
Serbia N.
81%
North Macedonia
79%

Score Distribution

Percentile by Number Answered

Percent of People with Each Score

Your Score History

You have not taken this quiz since the last reset